Word Ladder: Burrito Finito Quiz Stats

Quiz Updated Oct 11, 2015

Challenge
Share
Tweet
Embed
Score 0/44 Timer 04:00
4 Plays Today
Clue 4-Letter Word % Correct
Tortoise opponentHARE
95.4%
Die ____: With a VengeanceHARD
95.3%
Beats scissors, loses to paperROCK
95.3%
Group of livestockHERD
94.5%
Mickey, Minnie, and MightyMICE
92.5%
Usually-discarded part of an appleCORE
91.6%
Rosary componentBEAD
91.6%
Foam on top of beerHEAD
91.6%
With cream, a burrito ingredient☆SOUR☆
90.8%
A burrito ingredient☆RICE☆
90.6%
Roughly 1/720th of a monthHOUR
90.6%
ExposedBARE
90.4%
An oak's overcoatBARK
88.9%
A burrito ingredient☆BEAN☆
86.9%
With Grimes, a zombie survivor on AMCRICK
85.4%
Current positionHERE
82.4%
Sweat exit routePORE
81.7%
Most common English verb, participiallyBEEN
80.7%
Dark German lagerBOCK
80.2%
Surface of a pool tableFELT
78%
A German misterHERR
77.7%
A young horseCOLT
77.3%
Clue 4-Letter Word % Correct
Be afraid ofFEAR
77.2%
Swedish chef's utteranceBORK
76.8%
Swamp or boggy groundMIRE
76.5%
Being nothing moreMERE
75.6%
An act of daringFEAT
73.4%
French for [above rung]HEUR
73.2%
A burrito ingredient☆BEEF☆
73.1%
One in ancient IrelandCELT
72.6%
Jagged coral and rockREEF
72.4%
Action done to a stickerPEEL
71%
A burrito ingredient☆CORN☆
70.5%
To fire or break up with someone: Give them the ____BOOT
70.1%
Eccentric geezerCOOT
66.4%
To stagger with lost balanceREEL
65.7%
A burrito ingredient☆PORK☆
65.6%
To look furtivelyPEEK
64.6%
Vim and vigorPERK
61.3%
Relative of a cogGEAR
61.1%
A benefit or favorBOON
56.5%
Marshmallow Peep maker:
Just ____
BORN
54.9%
Shortened, a burrito ingredient☆GUAC☆
36.5%
___ gum - thickening agentGUAR
36.3%

Today's Daily Dose

Missing Word
'F' Science

Word Ladder
Guitar Heroes

Quick Pick
Zambian Borders

On This Day
April 22nd II

You're not logged in!

Compare scores with friends on all Sporcle quizzes.
Sign Up with Email
OR
Log In

You Might Also Like...

Show Comments

Extras

Top Quizzes Today


Score Distribution

Your Account Isn't Verified!

In order to create a playlist on Sporcle, you need to verify the email address you used during registration. Go to your Sporcle Settings to finish the process.

Report this User

Report this user for behavior that violates our Community Guidelines.

Details: